Troy : (Record no. 126848)
[ view plain ]
| 000 -LEADER | |
|---|---|
| campo de control de longitud fija | 01337 a2200241 4500 |
| 003 - IDENTIFICADOR DE NÚMERO DE CONTROL | |
| campo de control | BJBSDDR |
| 005 - FECHA Y HORA DE LA ÚLTIMA TRANSACCIÓN | |
| campo de control | 20260420123859.0 |
| 007 - CAMPO FIJO DE DESCRIPCIÓN FÍSICA--INFORMACIÓN GENERAL | |
| campo de control de longitud fija | ta |
| 008 - DATOS DE LONGITUD FIJA--INFORMACIÓN GENERAL | |
| campo de control de longitud fija | 260420s2018 enk 00| 0 eng d |
| 020 ## - NÚMERO INTERNACIONAL ESTÁNDAR DEL LIBRO | |
| Número Internacional Estándar del Libro | 9780008275952 |
| 020 ## - NÚMERO INTERNACIONAL ESTÁNDAR DEL LIBRO | |
| Número Internacional Estándar del Libro | 9780008299392 |
| 040 ## - FUENTE DE CATALOGACIÓN | |
| Lengua de catalogación | eng |
| Centro/agencia transcriptor | BJBSDDR |
| 041 ## - CÓDIGO DE IDIOMA | |
| Código de lengua del texto/banda sonora o título independiente | eng |
| 050 ## - SIGNATURA TOPOGRÁFICA DE LA BIBLIOTECA DEL CONGRESO | |
| Número de ítem | H766 2018 |
| 100 1# - ENTRADA PRINCIPAL--NOMBRE DE PERSONA | |
| Nombre de persona | Homero, |
| Fechas asociadas al nombre | ca. siglo VIII a. C. |
| 9 (RLIN) | 21330 |
| 245 ## - MENCIÓN DEL TÍTULO | |
| Título | Troy : |
| Resto del título | the epic battle as told in Homer's Iliad / |
| Mención de responsabilidad, etc. | Homer ; translation by Samuel Butler. |
| 260 ## - PUBLICACIÓN, DISTRIBUCIÓN, ETC. | |
| Lugar de publicación, distribución, etc. | London : |
| Nombre del editor, distribuidor, etc. | William Collins, |
| Fecha de publicación, distribución, etc. | 2018. |
| 300 ## - DESCRIPCIÓN FÍSICA | |
| Extensión | vii, 368 pages ; |
| Dimensiones | 20 cm. |
| 520 ## - RESUMEN, ETC. | |
| Sumario, etc. | When Paris falls in love with legendary beauty Helen of Troy, the devastating effects of their affair on their families and fellow citizens are unimaginable. Battle lines are drawn, alliances are forged, and as the Greeks and Trojans march into battle, the resilience and humanity of all will be tested. In his epic story of divine ego, human frailty, and the ravages of war, Homer created an unforgettable cast of characters, whose moral dilemmas and heroic deeds will stay with readers long past the final pages of this book. Samuel Butler's famous prose translation of Homer's original brings the epic to an entirely new generation of readers. |
| 700 1# - ENTRADA AGREGADA--NOMBRE PERSONAL | |
| Nombre de persona | Butler, Samuel, |
| Fechas asociadas al nombre | 1835-1902 |
| 9 (RLIN) | 41590 |
| Término indicativo de función/relación | translator. |
| 942 ## - ELEMENTOS DE ENTRADA SECUNDARIOS (KOHA) | |
| Fuente del sistema de clasificación o colocación | Clasificación de Library of Congress |
| Tipo de ítem Koha | Libro |
| Suprimir en OPAC | No |
| 946 ## - PROCESAMIENTO DE INFORMACIÓN LOCAL (OCLC) | |
| Iniciales del agente catalogador | rmza |
| Estatus retirado | Estado de pérdida | Fuente del sistema de clasificación o colocación | Estado de daño | No para préstamo | Colección | Biblioteca de origen | Biblioteca actual | Ubicación en estantería | Fecha de adquisición | Código de barras | Visto por última vez | Copia número | Tipo de ítem Koha |
|---|---|---|---|---|---|---|---|---|---|---|---|---|---|
| Clasificación de Library of Congress | Automatización y Procesos Técnicos | Biblioteca Juan Bosch | Biblioteca Juan Bosch | Automatización y Procesos Técnicos (1er. Piso) | 20/04/2026 | 00000183830 | 20/04/2026 | 1 | Libro |
